00449 a2200169 450000100060000002000060000604000220001210000290003424000350006324500300009830000080012836200090013665000210014594200070016695200890017399900170026258368 a  cAnchieta - Pituba aGuarnieri, Gianfrancesco10aEles não usam black-tielpor10aEles não usam black-tie a2360 a1978 4aDrama brasileiro cBK 00104070a91.1b91.1d2023-11-21l0p8892/PITr2023-11-21 18:26:09w2023-11-21yBK c58368d58368